[Event "Szuperliga - GM Szabo Laszlo"]
[Site "Ajka"]
[Date "2024.02.18"]
[Round "4.10"]
[White "Gaal, Zsoka"]
[Black "Gara, Anita"]
[Result "1-0"]
[WhiteElo "2363"]
[BlackElo "2337"]
[PlyCount "61"]
[EventDate "2023.10.28"]
[EventType "team-tourn"]
[EventRounds "9"]
[EventCountry "HUN"]
[Source "chess.hu"]
[WhiteTeam "Sentimento Ajka BSK"]
[BlackTeam "Tuxera ANSK"]
[WhiteTeamCountry "HUN"]
[BlackTeamCountry "HUN"]

1. d4 d5 2. c4 e6 3. Nc3 c5 4. cxd5 exd5 5. Nf3 Nc6 6. g3 Nf6 7. a3 cxd4 8.
Nxd4 Bc5 9. Nxc6 bxc6 10. Bg2 O-O 11. O-O Re8 12. Qc2 Bb6 13. e3 Qe7 14. b4 Ba6
15. Rd1 d4 16. exd4 Rad8 17. Bb2 Rxd4 18. Bxc6 Rc8 19. b5 Bb7 20. Na4 Rxd1+ 21.
Rxd1 Ba5 22. Qf5 Rd8 23. Rxd8+ Bxd8 24. Bxf6 gxf6 25. Nc5 Bxc6 26. bxc6 h6 27.
h4 Kg7 28. Qg4+ Kh8 29. Qd7 Qe1+ 30. Kg2 Bb6 31. c7 1-0

[Event "Szuperliga - GM Szabo Laszlo"]
[Site "Szombathely"]
[Date "2024.02.18"]
[Round "4.1"]
[White "Kozak, Adam"]
[Black "Hracek, Zbynek"]
[Result "1-0"]
[WhiteElo "2600"]
[BlackElo "2548"]
[PlyCount "59"]
[EventDate "2023.10.28"]
[EventType "team-tourn"]
[EventRounds "9"]
[EventCountry "HUN"]
[Source "chess.hu"]
[WhiteTeam "ASE Paks"]
[BlackTeam "Haladas VSE"]
[WhiteTeamCountry "HUN"]
[BlackTeamCountry "HUN"]

1. e4 c5 2. Nf3 d6 3. Bb5+ Bd7 4. Bxd7+ Nxd7 5. O-O Ngf6 6. Qe2 e6 7. Rd1 Rc8
8. d4 cxd4 9. Nxd4 a6 10. c4 g6 11. Na3 Bg7 12. Nf3 Qb6 13. c5 Qxc5 14. Bf4 Qa7
15. Bxd6 Bf8 16. Nc4 b5 17. Bxf8 Kxf8 18. Nd6 Rc6 19. e5 Nd5 20. Nd4 Rc7 21.
Qf3 Nc5 22. Nxe6+ Nxe6 23. Rxd5 Qa8 24. Rad1 Rg8 25. h4 Rd7 26. Qa3 Kg7 27. g3
Kh8 28. Qf3 f5 29. exf6 Rxd6 30. f7 1-0

[Event "Szuperliga - GM Szabo Laszlo"]
[Site "Szombathely"]
[Date "2024.02.18"]
[Round "4.2"]
[White "Babula, Vlastimil"]
[Black "Papp, Gabor"]
[Result "0-1"]
[WhiteElo "2528"]
[BlackElo "2547"]
[PlyCount "84"]
[EventDate "2023.10.28"]
[EventType "team-tourn"]
[EventRounds "9"]
[EventCountry "HUN"]
[Source "chess.hu"]
[WhiteTeam "Haladas VSE"]
[BlackTeam "ASE Paks"]
[WhiteTeamCountry "HUN"]
[BlackTeamCountry "HUN"]

1. d4 Nf6 2. c4 e6 3. Nf3 d5 4. Nc3 dxc4 5. e4 b5 6. e5 Nd5 7. Nxb5 Nb6 8. Be2
Nc6 9. h4 Qd7 10. Kf1 Bb7 11. Rh3 Nb4 12. Nc3 f5 13. Rg3 O-O-O 14. b3 Bxf3 15.
Rxf3 Qxd4 16. Qxd4 Rxd4 17. g3 Nc6 18. Be3 Rd7 19. Bxb6 axb6 20. Bxc4 Nxe5 21.
Ba6+ Kb8 22. Re3 Bb4 23. Rc1 Bxc3 24. Rcxc3 Rd1+ 25. Kg2 Rd5 26. Rc2 Re8 27.
Rce2 Ka7 28. Rxe5 Rxe5 29. Rxe5 Kxa6 30. b4 Kb7 31. Kf3 Kc6 32. Kf4 Kd6 33. Re2
Ra8 34. Rd2+ Ke7 35. Ke5 Ra4 36. Rb2 c5 37. a3 b5 38. Rc2 c4 39. Rd2 Ra6 40. h5
c3 41. Rc2 Rxa3 42. f3 Rb3 0-1

[Event "Szuperliga - GM Szabo Laszlo"]
[Site "Szombathely"]
[Date "2024.02.18"]
[Round "4.3"]
[White "Berkes, Ferenc"]
[Black "Ruck, Robert"]
[Result "1/2-1/2"]
[WhiteElo "2613"]
[BlackElo "2528"]
[PlyCount "29"]
[EventDate "2023.10.28"]
[EventType "team-tourn"]
[EventRounds "9"]
[EventCountry "HUN"]
[Source "chess.hu"]
[WhiteTeam "ASE Paks"]
[BlackTeam "Haladas VSE"]
[WhiteTeamCountry "HUN"]
[BlackTeamCountry "HUN"]

1. d4 Nf6 2. Nf3 g6 3. g3 Bg7 4. Bg2 d5 5. O-O O-O 6. c3 c6 7. a4 Bf5 8. Nbd2
Qc8 9. Re1 Re8 10. a5 Nbd7 11. Nh4 Be6 12. Nhf3 Bf5 13. Nh4 Be6 14. Nhf3 Bf5
15. Nh4 1/2-1/2

[Event "Szuperliga - GM Szabo Laszlo"]
[Site "Szombathely"]
[Date "2024.02.18"]
[Round "4.4"]
[White "Nemeth, Miklos"]
[Black "Acs, Peter"]
[Result "0-1"]
[WhiteElo "2446"]
[BlackElo "2582"]
[PlyCount "84"]
[EventDate "2023.10.28"]
[EventType "team-tourn"]
[EventRounds "9"]
[EventCountry "HUN"]
[Source "chess.hu"]
[WhiteTeam "Haladas VSE"]
[BlackTeam "ASE Paks"]
[WhiteTeamCountry "HUN"]
[BlackTeamCountry "HUN"]

1. e4 c5 2. Nf3 d6 3. d4 cxd4 4. Nxd4 Nf6 5. Nc3 Nc6 6. Bg5 e6 7. Bb5 Bd7 8.
Qd3 h6 9. Bh4 Be7 10. O-O-O Ne5 11. Qe2 a6 12. f4 axb5 13. fxe5 dxe5 14. Ndxb5
O-O 15. Kb1 Ra5 16. Qc4 g5 17. Bf2 Qc8 18. Nd6 Bxd6 19. Qxc8 Rxc8 20. Rxd6 Rxc3
21. Be1 Rcc5 22. Bxa5 Rxa5 23. Rf1 Kg7 24. Rxf6 Kxf6 25. Rxd7 Ra4 26. Rxb7 Rxe4
27. Kc1 Rd4 28. c3 Rd5 29. Rb4 Ke7 30. Re4 f5 31. Re2 f4 32. b4 g4 33. Rd2 h5
34. a4 h4 35. a5 Kd6 36. a6 Kc7 37. a7 Kb7 38. Ra2 Ka8 39. Ra6 e4 40. Rxe6 e3
41. Re7 Rd8 42. b5 h3 0-1

[Event "Szuperliga - GM Szabo Laszlo"]
[Site "Szombathely"]
[Date "2024.02.18"]
[Round "4.5"]
[White "Fodor, Tamas Jr"]
[Black "Kovacs, Gabor"]
[Result "1-0"]
[WhiteElo "2477"]
[BlackElo "2402"]
[PlyCount "83"]
[EventDate "2023.10.28"]
[EventType "team-tourn"]
[EventRounds "9"]
[EventCountry "HUN"]
[Source "chess.hu"]
[WhiteTeam "ASE Paks"]
[BlackTeam "Haladas VSE"]
[WhiteTeamCountry "HUN"]
[BlackTeamCountry "HUN"]

1. d4 d5 2. c4 e6 3. Nc3 Be7 4. Nf3 Nf6 5. Bf4 O-O 6. e3 Nbd7 7. c5 c6 8. h4 b6
9. b4 a5 10. a3 h6 11. Bd3 Ba6 12. O-O Qc8 13. Qc2 Bxd3 14. Qxd3 Qb7 15. Rfb1
axb4 16. axb4 Ng4 17. Bg3 f5 18. Ne2 Rxa1 19. Rxa1 Ra8 20. Rxa8+ Qxa8 21. Ne1
Ngf6 22. f3 Kf7 23. Qb1 Nh5 24. Bf2 g6 25. Nd3 Bd8 26. b5 Nhf6 27. bxc6 Qxc6
28. Bg3 Be7 29. cxb6 Qxb6 30. Ne5+ Kg7 31. Qxb6 Nxb6 32. Nf4 Nh5 33. Nexg6 Nxf4
34. Nxf4 Kf7 35. Kf2 Nc4 36. Nd3 Bf6 37. Ke2 Be7 38. Kf2 Bf6 39. Ke2 Be7 40. h5
Bg5 41. Ne5+ Nxe5 42. Bxe5 1-0

[Event "Szuperliga - GM Szabo Laszlo"]
[Site "Szombathely"]
[Date "2024.02.18"]
[Round "4.6"]
[White "Csonka, Attila Istvan"]
[Black "Kaczur, Florian"]
[Result "0-1"]
[WhiteElo "2300"]
[BlackElo "2506"]
[PlyCount "84"]
[EventDate "2023.10.28"]
[EventType "team-tourn"]
[EventRounds "9"]
[EventCountry "HUN"]
[Source "chess.hu"]
[WhiteTeam "Haladas VSE"]
[BlackTeam "ASE Paks"]
[WhiteTeamCountry "HUN"]
[BlackTeamCountry "HUN"]

1. e4 e6 2. d4 d5 3. Nd2 c5 4. Ngf3 Nc6 5. Bb5 a6 6. Bxc6+ bxc6 7. O-O Nf6 8.
e5 Nd7 9. Re1 cxd4 10. Nxd4 c5 11. N4f3 Be7 12. Nf1 Bb7 13. c3 g5 14. h3 h5 15.
Ng3 g4 16. hxg4 hxg4 17. Nh2 Qc7 18. Bf4 O-O-O 19. Qd2 Rh4 20. Bg5 Bxg5 21.
Qxg5 Rhh8 22. Qe7 Rhg8 23. b4 Nb6 24. Qxc5 Qxc5 25. bxc5 Na4 26. Ne2 Nxc5 27.
Rad1 Rg5 28. f4 gxf3 29. Nxf3 Rg4 30. Ned4 Ne4 31. Rb1 Rd7 32. Re3 Rc7 33. Rb3
Rg8 34. Ra3 Kd7 35. Rd3 Ke7 36. Nd2 Nc5 37. Re3 Rb8 38. N4b3 Nd7 39. Ra4 Rbc8
40. Nb1 Nb6 41. Rg4 Bc6 42. Rb4 Nc4 0-1

[Event "Szuperliga - GM Szabo Laszlo"]
[Site "Szombathely"]
[Date "2024.02.18"]
[Round "4.7"]
[White "Lizak, Peter"]
[Black "Kiss, Attila"]
[Result "1-0"]
[WhiteElo "2410"]
[BlackElo "2293"]
[PlyCount "79"]
[EventDate "2023.10.28"]
[EventType "team-tourn"]
[EventRounds "9"]
[EventCountry "HUN"]
[Source "chess.hu"]
[WhiteTeam "ASE Paks"]
[BlackTeam "Haladas VSE"]
[WhiteTeamCountry "HUN"]
[BlackTeamCountry "HUN"]

1. c4 e6 2. g3 d5 3. Bg2 dxc4 4. Qa4+ Nd7 5. Qxc4 a6 6. Qc2 c5 7. Nf3 Ngf6 8.
Nc3 Ra7 9. d4 b5 10. Be3 Ng4 11. Bg5 Qb6 12. Ne4 Bb7 13. h3 Bxe4 14. Qxe4 Ngf6
15. Qc2 Rc7 16. Bf4 Bd6 17. Bxd6 Qxd6 18. Qd2 Ke7 19. Rd1 Rhc8 20. O-O c4 21.
Qg5 Kf8 22. Qh4 Qb4 23. Rd2 c3 24. bxc3 Rxc3 25. Rdd1 h6 26. g4 Qe7 27. g5 Ng8
28. d5 R8c4 29. Qg3 e5 30. e3 hxg5 31. d6 Qe8 32. Nxg5 Ngf6 33. Bf3 Qc8 34. Be2
Rb4 35. Bf3 Qc5 36. Kh1 e4 37. Qh4 Ke8 38. Nxe4 Qf5 39. Qh8+ Nf8 40. Nxf6+ 1-0

[Event "Szuperliga - GM Szabo Laszlo"]
[Site "Szombathely"]
[Date "2024.02.18"]
[Round "4.8"]
[White "Gombocz, Ferenc Jr"]
[Black "Lazarne Vajda, Szidonia"]
[Result "0-1"]
[WhiteElo "2332"]
[BlackElo "2283"]
[PlyCount "104"]
[EventDate "2023.10.28"]
[EventType "team-tourn"]
[EventRounds "9"]
[EventCountry "HUN"]
[Source "chess.hu"]
[WhiteTeam "Haladas VSE"]
[BlackTeam "ASE Paks"]
[WhiteTeamCountry "HUN"]
[BlackTeamCountry "HUN"]

1. c4 e6 2. g3 d5 3. Bg2 Nf6 4. Nf3 dxc4 5. Qa4+ c6 6. Qxc4 b5 7. Qc2 Bb7 8. a4
a6 9. Nc3 Nbd7 10. O-O Be7 11. d3 O-O 12. Bf4 Qb6 13. h3 Rfc8 14. Rfc1 c5 15.
Qb3 Nd5 16. Ne5 Nxc3 17. Rxc3 Bxg2 18. Kxg2 Bf6 19. d4 cxd4 20. Rxc8+ Rxc8 21.
Nxd7 Qc6+ 22. Qf3 Qxd7 23. axb5 Qxb5 24. Rc1 Qd7 25. Rxc8+ Qxc8 26. Qe4 h6 27.
b3 Qe8 28. Qb7 e5 29. Bd2 Qe6 30. f3 Kh7 31. Ba5 g6 32. Qb6 Qxb6 33. Bxb6 Bg7
34. Kf2 f5 35. e3 dxe3+ 36. Kxe3 Kg8 37. Kd3 Kf7 38. Kc4 Ke6 39. Be3 Bf8 40.
Bd2 h5 41. Be3 Bd6 42. f4 e4 43. h4 Be7 44. Bb6 Kd6 45. Kd4 Bf6+ 46. Kc4 Kc6
47. Ba5 Be7 48. Kd4 Bc5+ 49. Ke5 e3 50. Kf6 Kb5 51. Bc3 Bb4 52. Bd4 e2 0-1

[Event "Szuperliga - GM Szabo Laszlo"]
[Site "Szombathely"]
[Date "2024.02.18"]
[Round "4.9"]
[White "Tancsa, Tamas"]
[Black "Balint, Peter"]
[Result "0-1"]
[WhiteElo "2294"]
[BlackElo "2294"]
[PlyCount "106"]
[EventDate "2023.10.28"]
[EventType "team-tourn"]
[EventRounds "9"]
[EventCountry "HUN"]
[Source "chess.hu"]
[WhiteTeam "ASE Paks"]
[BlackTeam "Haladas VSE"]
[WhiteTeamCountry "HUN"]
[BlackTeamCountry "HUN"]

1. e4 c5 2. Nf3 e6 3. d4 cxd4 4. Nxd4 a6 5. c4 Nf6 6. Nc3 Bb4 7. Qf3 Qc7 8. a3
Be7 9. Qg3 Qxg3 10. hxg3 d6 11. f3 Nc6 12. Be3 Bd7 13. g4 O-O 14. Rd1 Rfc8 15.
Nb3 Be8 16. Bf4 e5 17. Bg5 Rd8 18. Be2 Rac8 19. O-O h6 20. Be3 Nd7 21. Nd5 Bf8
22. Na1 Nc5 23. b4 Ne6 24. Nb3 Ne7 25. Na5 Rb8 26. Ba7 Ba4 27. Rd2 Ra8 28. Be3
Bc6 29. Rfd1 Nc8 30. Nb6 Nxb6 31. Bxb6 Rdc8 32. g3 Be7 33. Kf2 Ba4 34. Rb1 Be8
35. Bd1 Nf8 36. Be3 Rab8 37. f4 b6 38. Nb3 Rxc4 39. Be2 Rc3 40. Bxa6 b5 41.
fxe5 dxe5 42. Bc5 Bg5 43. Rd6 Nd7 44. Rd5 Nf6 45. Na5 Nxe4+ 46. Ke1 Rxa3 47.
Rxe5 Nd2 48. Rxg5 Nf3+ 49. Kf2 Nxg5 50. Re1 Ra2+ 51. Kf1 Bd7 52. Bb7 Bxg4 53.
Bg2 Bf3 0-1

[Event "Szuperliga - GM Szabo Laszlo"]
[Site "Szombathely"]
[Date "2024.02.18"]
[Round "4.10"]
[White "Lakos, Nikoletta"]
[Black "Bodrogi, Bendeguz"]
[Result "1/2-1/2"]
[WhiteElo "2210"]
[BlackElo "2261"]
[PlyCount "74"]
[EventDate "2023.10.28"]
[EventType "team-tourn"]
[EventRounds "9"]
[EventCountry "HUN"]
[Source "chess.hu"]
[WhiteTeam "Haladas VSE"]
[BlackTeam "ASE Paks"]
[WhiteTeamCountry "HUN"]
[BlackTeamCountry "HUN"]

1. e4 c6 2. Nf3 d5 3. Nc3 dxe4 4. Nxe4 Nf6 5. Ng3 c5 6. b3 Nc6 7. Bb2 e6 8. Bb5
Be7 9. O-O Bd7 10. Bxc6 Bxc6 11. Ne5 Qd5 12. Nxc6 Qxc6 13. Re1 O-O 14. d3 Rfe8
15. Nh5 Nxh5 16. Qxh5 Rad8 17. Qg4 Bf8 18. Re3 Rd5 19. Rae1 g6 20. Qf4 Bg7 21.
Bxg7 Kxg7 22. Rh3 h5 23. Qe4 Qc7 24. Rf3 Red8 25. Qf4 Qxf4 26. Rxf4 Rd4 27.
Rfe4 g5 28. a4 Kf6 29. Re5 R8d5 30. Rxd5 Rxd5 31. f3 e5 32. Kf2 Ke6 33. g4 Rd4
34. Re4 hxg4 35. fxg4 f5 36. Rxd4 exd4 37. Kf3 fxg4+ 1/2-1/2

[Event "Szuperliga - GM Szabo Laszlo"]
[Site "Mako"]
[Date "2024.02.18"]
[Round "4.1"]
[White "Horvath, Jozsef"]
[Black "Mihok, Oliver"]
[Result "1/2-1/2"]
[WhiteElo "2414"]
[BlackElo "2548"]
[PlyCount "60"]
[EventDate "2023.10.28"]
[EventType "team-tourn"]
[EventRounds "9"]
[EventCountry "HUN"]
[Source "chess.hu"]
[WhiteTeam "Kekesi SE"]
[BlackTeam "Duocor-Makoi SVSE"]
[WhiteTeamCountry "HUN"]
[BlackTeamCountry "HUN"]

1. Nf3 Nf6 2. g3 g6 3. b3 Bg7 4. Bb2 d6 5. Bg2 e5 6. d3 O-O 7. c4 Re8 8. O-O c6
9. Nbd2 Nbd7 10. Qc2 b6 11. b4 Bb7 12. e4 d5 13. c5 a5 14. a3 bxc5 15. bxc5 Ba6
16. exd5 cxd5 17. Rfc1 Qc7 18. c6 Nb6 19. Rab1 d4 20. Ng5 Nfd5 21. Ba1 a4 22.
Nc4 Bh6 23. Nxb6 Nxb6 24. h4 Rab8 25. Re1 Bf8 26. Ne4 Re6 27. Ng5 Ree8 28. Ne4
Re6 29. Ng5 Ree8 30. Ne4 Re6 1/2-1/2

[Event "Szuperliga - GM Szabo Laszlo"]
[Site "Mako"]
[Date "2024.02.18"]
[Round "4.2"]
[White "Csonka, Balazs"]
[Black "Bakos, Balazs"]
[Result "1-0"]
[WhiteElo "2480"]
[BlackElo "2366"]
[PlyCount "103"]
[EventDate "2023.10.28"]
[EventType "team-tourn"]
[EventRounds "9"]
[EventCountry "HUN"]
[Source "chess.hu"]
[WhiteTeam "Duocor-Makoi SVSE"]
[BlackTeam "Kekesi SE"]
[WhiteTeamCountry "HUN"]
[BlackTeamCountry "HUN"]

1. d4 f5 2. Bf4 Nf6 3. e3 e6 4. Nf3 Be7 5. h3 O-O 6. Bd3 d6 7. c4 Qe8 8. Nc3
Nbd7 9. Bh2 b6 10. O-O Qg6 11. d5 Nc5 12. Nd4 Nfe4 13. Ncb5 Bd8 14. Nc6 Qf7 15.
Bc2 a5 16. Nxd8 Rxd8 17. dxe6 Bxe6 18. b3 Bc8 19. Nd4 Re8 20. f3 Nf6 21. Qd2 d5
22. cxd5 Nxd5 23. Rfe1 Nb4 24. a3 Nxc2 25. Qxc2 a4 26. b4 Nb3 27. Rad1 Nxd4 28.
Rxd4 Be6 29. Qxc7 Qxc7 30. Bxc7 b5 31. Bb6 Rac8 32. Bc5 Red8 33. Red1 Rxd4 34.
Rxd4 Kf7 35. Rd6 Rb8 36. h4 g6 37. Kf2 Rb7 38. Rd8 Rd7 39. Rf8+ Kg7 40. Re8 Kf7
41. Rf8+ Kg7 42. Rb8 Rd2+ 43. Kg3 Bc4 44. Rb7+ Kg8 45. Kf4 Rxg2 46. Ke5 h5 47.
Kf6 Rg3 48. f4 Rg4 49. Rg7+ Kh8 50. Bd4 g5 51. hxg5 h4 52. Kg6 1-0

[Event "Szuperliga - GM Szabo Laszlo"]
[Site "Mako"]
[Date "2024.02.18"]
[Round "4.3"]
[White "Petrisor, Adrian-Marian"]
[Black "Kosic, Dragan"]
[Result "1/2-1/2"]
[WhiteElo "2386"]
[BlackElo "2374"]
[PlyCount "39"]
[EventDate "2023.10.28"]
[EventType "team-tourn"]
[EventRounds "9"]
[EventCountry "HUN"]
[Source "chess.hu"]
[WhiteTeam "Kekesi SE"]
[BlackTeam "Duocor-Makoi SVSE"]
[WhiteTeamCountry "HUN"]
[BlackTeamCountry "HUN"]

1. e4 e6 2. d4 d5 3. Nc3 dxe4 4. Nxe4 Be7 5. Nf3 Nf6 6. Bd3 Nxe4 7. Bxe4 c5 8.
O-O Nd7 9. c3 O-O 10. Re1 Nf6 11. Bc2 Qc7 12. Bg5 Rd8 13. Qe2 h6 14. Bh4 Bd7
15. Rad1 Be8 16. Bg3 Qb6 17. Bh4 Qc7 18. Bg3 Qb6 19. Bh4 Qc7 20. Bg3 1/2-1/2

[Event "Szuperliga - GM Szabo Laszlo"]
[Site "Mako"]
[Date "2024.02.18"]
[Round "4.4"]
[White "Kovacevic, Aleksandar"]
[Black "Bogdan, Dan"]
[Result "1-0"]
[WhiteElo "2453"]
[BlackElo "2336"]
[PlyCount "59"]
[EventDate "2023.10.28"]
[EventType "team-tourn"]
[EventRounds "9"]
[EventCountry "HUN"]
[Source "chess.hu"]
[WhiteTeam "Duocor-Makoi SVSE"]
[BlackTeam "Kekesi SE"]
[WhiteTeamCountry "HUN"]
[BlackTeamCountry "HUN"]

1. e4 c5 2. Nf3 g6 3. d4 cxd4 4. Nxd4 Nc6 5. c4 Nf6 6. Nc3 d6 7. Nc2 Bg7 8. Be2
O-O 9. O-O a5 10. Be3 Nd7 11. Qd2 Nc5 12. Bh6 Bxh6 13. Qxh6 Qb6 14. b3 Be6 15.
Kh1 Rfc8 16. f4 Nb4 17. Ne1 f5 18. Nf3 Kh8 19. exf5 gxf5 20. Ng5 Bg8 21. Bh5
Qd8 22. Bg6 Qf8 23. Nf7+ Qxf7 24. Bxf7 Bxf7 25. Rae1 e6 26. Qf6+ Kg8 27. Re3
Rc7 28. Rd1 Rd7 29. Rg3+ Bg6 30. h4 1-0

[Event "Szuperliga - GM Szabo Laszlo"]
[Site "Mako"]
[Date "2024.02.18"]
[Round "4.5"]
[White "Bohati, Tamas"]
[Black "Hujbert, Florian"]
[Result "0-1"]
[WhiteElo "2268"]
[BlackElo "2409"]
[PlyCount "82"]
[EventDate "2023.10.28"]
[EventType "team-tourn"]
[EventRounds "9"]
[EventCountry "HUN"]
[Source "chess.hu"]
[WhiteTeam "Kekesi SE"]
[BlackTeam "Duocor-Makoi SVSE"]
[WhiteTeamCountry "HUN"]
[BlackTeamCountry "HUN"]

1. d4 c5 2. d5 g6 3. e4 Bg7 4. Nf3 d6 5. h3 Nf6 6. Nc3 O-O 7. Bc4 b5 8. Nxb5
Nxe4 9. O-O a6 10. Na3 Nd7 11. Qd3 Nef6 12. Bd2 Bb7 13. Rfe1 a5 14. Bc3 Nb6 15.
Bxf6 Bxf6 16. c3 a4 17. Nc2 Nxc4 18. Qxc4 Qb6 19. Rab1 Qa6 20. Qxa6 Bxa6 21.
Ne3 a3 22. bxa3 Bxc3 23. Rec1 Bf6 24. Nd2 Rfb8 25. Ndc4 Bd4 26. g4 Kg7 27. Kg2
Rb7 28. Rxb7 Bxb7 29. Rb1 Ra7 30. Kg3 Ba8 31. Rb3 Bxe3 32. Nxe3 Ra4 33. g5 f5
34. gxf6+ Kxf6 35. f4 h5 36. h4 Rd4 37. Rb8 Bxd5 38. Rf8+ Kg7 39. Rc8 Be4 40.
Rc7 Kf6 41. Ra7 Rd3 0-1

[Event "Szuperliga - GM Szabo Laszlo"]
[Site "Mako"]
[Date "2024.02.18"]
[Round "4.6"]
[White "Horvath, Zsolt"]
[Black "Blasko, Istvan"]
[Result "1-0"]
[WhiteElo "2381"]
[BlackElo "2258"]
[PlyCount "93"]
[EventDate "2023.10.28"]
[EventType "team-tourn"]
[EventRounds "9"]
[EventCountry "HUN"]
[Source "chess.hu"]
[WhiteTeam "Duocor-Makoi SVSE"]
[BlackTeam "Kekesi SE"]
[WhiteTeamCountry "HUN"]
[BlackTeamCountry "HUN"]

1. e4 c5 2. Nf3 d6 3. c3 Nf6 4. Bd3 Nc6 5. Bc2 Bg4 6. d3 g6 7. Nbd2 Bg7 8. h3
Bxf3 9. Nxf3 O-O 10. O-O b5 11. d4 Nd7 12. Be3 Rb8 13. Rc1 a5 14. Qe2 Qc7 15.
Rfd1 a4 16. Bd3 c4 17. Bc2 e5 18. a3 exd4 19. Nxd4 Nxd4 20. Bxd4 Rfe8 21. Bxg7
Kxg7 22. Rd4 Re6 23. Qd2 Nf6 24. Rd1 Ne8 25. Qf4 Qe7 26. h4 h5 27. g3 Rb7 28.
Kg2 Qf6 29. Qxf6+ Kxf6 30. f4 Ke7 31. R1d2 Rb6 32. Bd1 Nf6 33. Bf3 Ra6 34. Re2
Rb6 35. Kf2 Ra6 36. e5 dxe5 37. fxe5 Nd7 38. Rd5 Reb6 39. Red2 Nf8 40. Ke3 Ra7
41. g4 hxg4 42. Bxg4 Rc7 43. Ke4 f5+ 44. exf6+ Kxf6 45. Rd6+ Rxd6 46. Rxd6+ Ke7
47. Rb6 1-0

[Event "Szuperliga - GM Szabo Laszlo"]
[Site "Mako"]
[Date "2024.02.18"]
[Round "4.7"]
[White "Mede, Istvan"]
[Black "Szalai, Kornel"]
[Result "0-1"]
[WhiteElo "2182"]
[BlackElo "2379"]
[PlyCount "70"]
[EventDate "2023.10.28"]
[EventType "team-tourn"]
[EventRounds "9"]
[EventCountry "HUN"]
[Source "chess.hu"]
[WhiteTeam "Kekesi SE"]
[BlackTeam "Duocor-Makoi SVSE"]
[WhiteTeamCountry "HUN"]
[BlackTeamCountry "HUN"]

1. e4 c5 2. Nf3 e6 3. d4 cxd4 4. Nxd4 a6 5. Nc3 b5 6. a3 Bb7 7. g3 Nf6 8. Bg2
Qc7 9. O-O d6 10. g4 h6 11. f4 Nc6 12. Nxc6 Bxc6 13. Qe2 Be7 14. Be3 Nd7 15.
Rad1 Bb7 16. Qf2 Bf6 17. Qd2 Nb6 18. Bxb6 Qxb6+ 19. Qf2 Qxf2+ 20. Rxf2 Bxc3 21.
bxc3 Ke7 22. Rfd2 Rhd8 23. Rd4 e5 24. fxe5 dxe5 25. Rxd8 Rxd8 26. Rxd8 Kxd8 27.
Kf2 Kc7 28. Ke3 Kb6 29. Bf1 Bc8 30. h3 Ka5 31. c4 b4 32. axb4+ Kxb4 33. Kd2 a5
34. c3+ Kb3 35. Bd3 Kb2 0-1

[Event "Szuperliga - GM Szabo Laszlo"]
[Site "Mako"]
[Date "2024.02.18"]
[Round "4.8"]
[White "Tatar Kis, Szabolcs"]
[Black "Gorcsi, Gabor"]
[Result "1/2-1/2"]
[WhiteElo "2350"]
[BlackElo "2163"]
[PlyCount "57"]
[EventDate "2023.10.28"]
[EventType "team-tourn"]
[EventRounds "9"]
[EventCountry "HUN"]
[Source "chess.hu"]
[WhiteTeam "Duocor-Makoi SVSE"]
[BlackTeam "Kekesi SE"]
[WhiteTeamCountry "HUN"]
[BlackTeamCountry "HUN"]

1. e4 c5 2. Nf3 d6 3. d4 cxd4 4. Nxd4 Nf6 5. Nc3 g6 6. Be3 Bg7 7. f3 O-O 8. Qd2
Nc6 9. Bc4 Bd7 10. Bb3 Ne5 11. O-O-O Qa5 12. h4 Rfc8 13. Bg5 Nc4 14. Bxc4 Rxc4
15. Nb3 Qa6 16. Kb1 Bc6 17. Bxf6 Bxf6 18. Nd5 Bxd5 19. Qxd5 Rac8 20. Rd2 Ra4
21. a3 b5 22. c3 Rac4 23. h5 Qa4 24. Nd4 R8c5 25. Qa8+ Rc8 26. Qd5 R8c5 27.
Qa8+ Rc8 28. Qb7 R8c5 29. Qa8+ 1/2-1/2

[Event "Szuperliga - GM Szabo Laszlo"]
[Site "Mako"]
[Date "2024.02.18"]
[Round "4.9"]
[White "Onodi, Tamas"]
[Black "Mihok-Juhasz, Barbara"]
[Result "0-1"]
[WhiteElo "2031"]
[BlackElo "2242"]
[PlyCount "90"]
[EventDate "2023.10.28"]
[EventType "team-tourn"]
[EventRounds "9"]
[EventCountry "HUN"]
[Source "chess.hu"]
[WhiteTeam "Kekesi SE"]
[BlackTeam "Duocor-Makoi SVSE"]
[WhiteTeamCountry "HUN"]
[BlackTeamCountry "HUN"]

1. e4 Nf6 2. e5 Nd5 3. c4 Nb6 4. d4 d6 5. f4 Bf5 6. Nc3 e6 7. Be3 dxe5 8. fxe5
Nc6 9. Nf3 Be7 10. d5 exd5 11. cxd5 Nb4 12. Nd4 Bd7 13. e6 fxe6 14. dxe6 Bc6
15. a3 N4d5 16. Bd3 O-O 17. Qh5 Nf6 18. Qh3 Nbd5 19. Bg5 g6 20. Nxc6 bxc6 21.
O-O Nh5 22. Rxf8+ Qxf8 23. Rf1 Qg7 24. Bxe7 Qxe7 25. Nxd5 cxd5 26. Rf7 Qc5+ 27.
Kh1 Re8 28. Rf1 Qd6 29. Qe3 c5 30. g4 Rxe6 31. Qd2 Nf6 32. g5 Ng4 33. h3 Ne3
34. Rf3 d4 35. Qf2 Qd5 36. Kh2 Qd6+ 37. Kg1 Re8 38. Rf6 Qe5 39. h4 Qe7 40. Qf3
Kg7 41. Bb5 Rb8 42. a4 Rb6 43. Rf4 Nf5 44. h5 Qxg5+ 45. Kh2 a6 0-1

[Event "Szuperliga - GM Szabo Laszlo"]
[Site "Mako"]
[Date "2024.02.18"]
[Round "4.10"]
[White "Meszaros-Csonka, David"]
[Black "Kovacs, Veronika"]
[Result "1-0"]
[WhiteElo "1903"]
[BlackElo "1884"]
[PlyCount "77"]
[EventDate "2023.10.28"]
[EventType "team-tourn"]
[EventRounds "9"]
[EventCountry "HUN"]
[Source "chess.hu"]
[WhiteTeam "Duocor-Makoi SVSE"]
[BlackTeam "Kekesi SE"]
[WhiteTeamCountry "HUN"]
[BlackTeamCountry "HUN"]

1. d4 d5 2. Bf4 Nf6 3. e3 c5 4. Nc3 e6 5. Nb5 Na6 6. c3 Be7 7. a4 O-O 8. h3 Ne4
9. Nf3 Bd7 10. Nd2 f5 11. Be2 cxd4 12. exd4 Bg5 13. Bxg5 Qxg5 14. Nxe4 dxe4 15.
Bf1 f4 16. Qg4 Qxg4 17. hxg4 Bc6 18. Bc4 Bd5 19. Bxd5 exd5 20. Rh5 f3 21. g3
Rfd8 22. Kd2 Rd7 23. a5 Nb8 24. Na3 Nc6 25. Nc2 a6 26. Ne3 Rad8 27. b4 g6 28.
Rh4 Re7 29. g5 Nb8 30. Ng4 Nd7 31. Rah1 Nf8 32. Nf6+ Kf7 33. Nxh7 Nxh7 34.
Rxh7+ Ke6 35. Rxe7+ Kxe7 36. Rh7+ Kd6 37. Rxb7 Rc8 38. Rg7 Rh8 39. Rxg6+ 1-0

[Event "Szuperliga - GM Szabo Laszlo"]
[Site "Biatorbagy"]
[Date "2024.02.18"]
[Round "4.1"]
[White "Erdos, Viktor"]
[Black "Pacher, Milan"]
[Result "1/2-1/2"]
[WhiteElo "2554"]
[BlackElo "2371"]
[PlyCount "61"]
[EventDate "2023.10.28"]
[EventType "team-tourn"]
[EventRounds "9"]
[EventCountry "HUN"]
[Source "chess.hu"]
[WhiteTeam "Aquarena Kobanya SC"]
[BlackTeam "Viadukt Biatorbagy"]
[WhiteTeamCountry "HUN"]
[BlackTeamCountry "HUN"]

1. c4 c6 2. Nf3 d5 3. e3 Nf6 4. d4 e6 5. Bd3 dxc4 6. Bxc4 c5 7. O-O a6 8. dxc5
Bxc5 9. Qxd8+ Kxd8 10. Ne5 Ke7 11. Be2 Bd7 12. Bf3 Nc6 13. Nxc6+ Bxc6 14. Bxc6
bxc6 15. Bd2 a5 16. Rc1 Bb4 17. Kf1 Rhb8 18. Rc2 Ne4 19. Ke2 a4 20. f3 Nd6 21.
Na3 c5 22. Rd1 Bxa3 23. bxa3 Rb5 24. e4 Nb7 25. Be3 Rd8 26. Rdc1 Kd6 27. Rc4
Rb2+ 28. Kf1 Ra8 29. Bxc5+ Nxc5 30. Rxc5 Rxa2 31. e5+ 1/2-1/2